书目信息 |
| 题名: |
建筑企业管理学
|
|
| 作者: | 田金信 主编 | |
| 分册: | ||
| 出版信息: | 北京 中国建筑工业出版社 2004.08 |
|
| 页数: | 349页 | |
| 开本: | 26cm | |
| 丛书名: | 高等学校工程管理专业系列教材 | |
| 单 册: | ||
| 中图分类: | F407.96-43 | |
| 科图分类: | ||
| 主题词: | 工业企业管理--gong ye qi ye guan li--建筑企业--高等学校--教材 | |
| 电子资源: | ||
| ISBN: | 7-112-06610-7 | |
| 000 | 01121nam 2200301 450 | |
| 001 | CAL 012004119728 | |
| 005 | 20050608143357.1 | |
| 010 | @a7-112-06610-7@dCNY 30.00 | |
| 099 | @aCAL 012004119728 | |
| 100 | @a20040908d2004 ekmy0chiy0121 ea | |
| 101 | 0 | @achi |
| 102 | @aCN@b110000 | |
| 105 | @aak a 000yy | |
| 200 | 1 | @a建筑企业管理学@Ajian zhu qi ye guan li xue@f田金信主编 |
| 205 | @a第2版 | |
| 210 | @a北京@c中国建筑工业出版社@d2004.08 | |
| 215 | @a349页@c图@d26cm | |
| 225 | 2 | @a高等学校工程管理专业系列教材@Agao deng xue xiao gong cheng guan li zhuan ye xi lie jiao cai |
| 320 | @a有书目 (第349页)。 | |
| 330 | @a本书是一部有关建筑工业的书籍。全书系统地阐述了市场经济条件下建筑企业管理的基本理论、基本知识、和基本方法、并介绍了企业管理理论研究的最新成果和企业管理改革实践的新发展。 | |
| 410 | 0 | @12001 @a高等学校工程管理专业系列教材 |
| 606 | 0 | @a工业企业管理@Agong ye qi ye guan li@x建筑企业@x高等学校@j教材 |
| 690 | @aF407.96-43@v4 | |
| 701 | 0 | @a田金信@Atian jin xin@4主编 |
| 801 | 0 | @aCN@bBTBU@c20040908 |
| 905 | @a10447@dF407.96-43@eT620 | |
| 906 | @dCNY30.00@n0@r1 | |
| 998 | @aBTBU | |
| 建筑企业管理学/田金信主编.-第2版.-北京:中国建筑工业出版社,2004.08 |
| 349页:图;26cm.-(高等学校工程管理专业系列教材) |
| ISBN 7-112-06610-7:CNY 30.00 |
| 本书是一部有关建筑工业的书籍。全书系统地阐述了市场经济条件下建筑企业管理的基本理论、基本知识、和基本方法、并介绍了企业管理理论研究的最新成果和企业管理改革实践的新发展。 |
| ● |
| 相关链接 |
|
|
|
正题名:建筑企业管理学
索取号:F407.96-43/T620
 
预约/预借
| 序号 | 登录号 | 条形码 | 馆藏地/架位号 | 状态 | 备注 |
| 1 | 537117 | 205371177 | 社科二线422/409社科库 35排4列4层/ [索取号:F407.96-43/T620] | 在馆 | |
| 2 | 537118 | 205371186 | 社科二线422/409社科库 35排4列4层/ [索取号:F407.96-43/T620] | 在馆 | |
| 3 | 537119 | 205371195 | 社科库409/409社科库 35排2列4层/ [索取号:F407.96-43/T620] | 在馆 |